01087nam a2200337Ia 450000500170000000800410001702000180005804100080007610000240008424500720010825000190018030000270019949000150022650000490024152100290029053400150031958600360033465000340037065000280040465000370043265000370046970000480050694200150055426400310056933600270060033700330062733800280066004000350068808400110072399900150073420220317001709.0170306s2007 sp g 000 0 spa  a9789586394604 aspa1 aPamuk, Orhand1952-13aEl castillo blancocOrhan Pamuk ; traducción de Rafael Carpintero a1a. edición  a182 páginas c23 cm  aLiteratura aIncluye información biográfica del autor aRecomendado para adultos tBeyaz kale aPremio Nobel de Literatura 2006142LEMBaNovela turca ySiglo XX142LEMBaLiteratura turca 142LEMBaMisterio en la literatura 142LEMB aPiratas en la literatura  aCarpintero Ortega, Rafaeletraductor973075 2loccBKLIT aBarcelonabMondadoric2007 atextobtxt2rdacontent asin mediaciónbn2rdamedia avolumenbnc2rdacarrier aCO-BoRNBPbspaerdacCO-BoRNBP aN PAM1 c7790d7790